Mubadiyat-E-Tahzeeb-E-Islami (Record no. 3777)

MARC details
000 -LEADER
fixed length control field 00607nam a2200241 a 4500
020 ## - INTERNATIONAL STANDARD BOOK NUMBER
ISBN
082 00 - DEWEY DECIMAL CLASSIFICATION NUMBER
Classification number 305.6297
Author Cutter ABD
100 ## - MAIN ENTRY--AUTHOR NAME
Author name Abdul Lateef, Syed
245 ## - TITLE STATEMENT
Title Mubadiyat-E-Tahzeeb-E-Islami
260 ## - PUBLICATION, DISTRIBUTION, ETC. (IMPRINT)
Place of publication Hyderabad
Name of publisher Inst.Of Indo-Middle East Cultural Studie
Year of publication 1966
300 ## - PHYSICAL DESCRIPTION
Number of Pages 109p
500 ## - GENERAL NOTE
General note includes index and biblioraphy
505 2# - FORMATTED CONTENTS NOTE
Formatted contents note Index
650 ## - SUBJECT ADDED ENTRY--TOPICAL TERM
Topical Term Islamic-Culture
942 ## - ADDED ENTRY ELEMENTS (KOHA)
Koha item type Books
700 1# -
-- Abdul Lateef, Syed
Holdings
Collection code Home library Current library Date acquired Cost, normal purchase price Full call number Accession Number Koha item type
  Henry Martyn Institute Library Henry Martyn Institute Library 03/27/2007 10.00 305.6297 ABD 06345 Books
                   Copyright © 2026 | Henry Martyn Institute | Hyderabad | TS-500052 | INDIA | Implemented by hmi.edu.in
Hit-Count:

Powered by Koha